L'Arquitecte Gaudí : resum biogràfic escrit per a l'acte de la col·locació del seu retrat a la Galeria de Catalans Il·lustres / per Cèsar Martinell i Brunet resum biogràfic escrit per a l'acte de la col·locació del seu retrat a la Galeria de Catalans Il·lustres / per Cèsar Martinell i Brunet
Descripción Física:
49 p. : il. ; 16'5 x 19 cm
Colección:
Col·lecció A. Duran i Sanpere ; 1
MARC
| LEADER | 00000nam a2200000Ia 4500 | ||
|---|---|---|---|
| 001 | 1713 | ||
| 008 | 160829s1976 xx 000 0 cat d | ||
| 080 | |a B-1-257 | ||
| 100 | 1 | |a Martinell, Cèsar, |d 1888-1973 |9 26013 | |
| 245 | |a L'Arquitecte Gaudí : |b resum biogràfic escrit per a l'acte de la col·locació del seu retrat a la Galeria de Catalans Il·lustres / per Cèsar Martinell i Brunet | ||
| 260 | |a Barcelona : |b Ajuntament de Barcelona. Delegació de Serveis de Cultura, |c 1976 | ||
| 300 | |a 49 p. : |b il. ; |c 16'5 x 19 cm | ||
| 490 | |a Col·lecció A. Duran i Sanpere ; 1 | ||
| 600 | 1 | 0 | |a Gaudí, Antoni, |d 1852-1926 |9 51678 |
| 650 | |a Arquitectes |x Catalunya |x Biografia |9 37383 | ||
| 710 | 1 | |a Barcelona (Catalunya : Província). |b Servei de Cultura |9 54401 | |
| 901 | |a Arxiu | ||
| 942 | |n 1 | ||
| 952 | |0 0 |1 0 |4 0 |6 B1257 |7 1 |9 43856 |a Arxiu |b Arxiu |d 2016-12-01 |l 0 |o B-1-257 |p 1713 |r 2016-12-01 00:00:00 |w 2016-12-01 |y ARXIU | ||
| 999 | |c 46435 |d 46435 | ||